| 000 | 00839ntm a22002177a 4500 | ||
|---|---|---|---|
| 005 | 20170809101730.0 | ||
| 008 | 170802s2013 xx a frb 000 0 eng d | ||
| 040 |
_aEG-ScBUE _beng _cEG-ScBUE |
||
| 082 | 0 | 4 |
_222 _a624 _bSAA |
| 100 | 1 | _aSaad Eldin, Hassan Khaled. | |
| 245 | 1 | 0 |
_aCreating fragility function and identifaction of performance based damage in earthquake engineer / _cHassan Khaled Saad Eldin. |
| 260 | _c2013. | ||
| 300 |
_a71 p. : _bill. (col.) ; _c28 cm. |
||
| 500 | _aA dissertation submitted to The Faculty Of Engineering, The British University In Egypt, in partial fulfillment of the requirements for the bachelor degree in civil engineering. | ||
| 590 | _aNour | ||
| 650 | 7 |
_2BUEsh _acivil engineering _vProjects |
|
| 653 |
_bENGCIV _cAugust2017 |
||
| 655 | _vSPRO | ||
| 700 | 1 |
_aShedid, Marwan. _eths |
|
| 942 | _2ddc | ||
| 999 |
_c25327 _d25299 |
||